| 000 | 00730nam a2200229Ia 4500 | ||
|---|---|---|---|
| 003 | OSt | ||
| 005 | 20260105163206.0 | ||
| 008 | 220923b |||||||| |||| 00| 0 eng d | ||
| 020 | _a8126109971 | ||
| 037 | _cGeneral Book | ||
| 040 |
_aRTL _cRTL _beng |
||
| 041 |
_2eng _aeng |
||
| 084 |
_aX:8M , P1 _qRT:L |
||
| 100 |
_aKUMAR N. _9299277 |
||
| 245 | 0 | _aOffice organisation and management | |
| 260 |
_a New Delhi _bAnmol Publication _c2001 |
||
| 300 |
_axi i, 645 p _ccm. _bIncludes bibliographical references and index. |
||
| 650 |
_aCommerce _9861981 |
||
| 700 |
_a MITTAL R. _9299278 _eCo-Author |
||
| 942 |
_hX:8M , P1 _cGB _2CC _n0 |
||
| 999 |
_c594356 _d594356 |
||